| 000 | 00538cam a2200205 4500 | ||
|---|---|---|---|
| 001 | B2844 | ||
| 008 | 090401t1989 xxu||||| |||| 00| 0 eng d | ||
| 035 | _a(Sirsi) u52506 | ||
| 041 | _aeng | ||
| 050 | _a692.8 | ||
| 100 | _aGriffith, A. | ||
| 245 | _aDesign-build procurement and buildability | ||
| 260 |
_aAscot,Berks _bChartered Institute of Building _c1989 |
||
| 300 | _a8p. ; 30cm. | ||
| 350 | _a0 | ||
| 490 |
_aTechnical Information Service _v112 |
||
| 650 | _aDESIGN AND BUILD CONTRACTS | ||
| 942 | _n0 | ||
| 948 | _c04/03/1997 | ||
| 999 |
_c93093 _d93093 |
||